000 00356 a2200133 4500
000 nam a22 7a 4500
100 _aWang, Jihong
110 _aWang, Jihong
245 _aSimultaneous Interpreting from a Signed Language into a Spoken Language
250 _aLatest edition
260 _bRoutledge
_c2021
264 _bRoutledge
_c2021
942 _cBK
999 _c394289
_d394289